Marcatori della Juventus in UEFA Champions League 2016-2017 - Statistics

Statistiche generali
  • Questo quiz è stato fatto 157 volte
  • Il punteggio medio è 14 su 22
Statistiche sulle risposte
Partita Minuto Marcatore % Corretto
Dinamo Zagabria - Juventus 0-4 31' Gonzalo Higuaín
97%
Juventus - Olympique Lione 1-1 13' Gonzalo Higuaín
97%
Juventus - Dinamo Zagabria 2-0 52' Gonzalo Higuaín
97%
Dinamo Zagabria - Juventus 0-4 57' Paulo Dybala
96%
Siviglia - Juventus 1-3 84' Mario Mandžukić
94%
Juventus - Monaco 2-1 33' Mario Mandžukić
94%
Juventus - Real Madrid 1-4 27' Mario Mandžukić
94%
Siviglia - Juventus 1-3 84' Leonardo Bonucci
88%
Dinamo Zagabria - Juventus 0-4 85' Dani Alves
81%
Juventus - Monaco 2-1 44' Dani Alves
81%
Siviglia - Juventus 1-3 47' Claudio Marchisio
68%
Dinamo Zagabria - Juventus 0-4 24' Miralem Pjanić
65%
Porto - Juventus 0-2 74' Dani Alves
63%
Olympique Lione - Juventus 0-1 76' Juan Cuadrado
63%
Juventus - Barcellona 3-0 55' Giorgio Chiellini
37%
Juventus - Porto 1-0 42' Paulo Dybala
37%
Juventus - Barcellona 3-0 7' Paulo Dybala
37%
Juventus - Barcellona 3-0 22' Paulo Dybala
37%
Monaco - Juventus 0-2 29' Gonzalo Higuaín
34%
Monaco - Juventus 0-2 59' Gonzalo Higuaín
34%
Porto - Juventus 0-2 72' Marko Pjaca
28%
Juventus - Dinamo Zagabria 2-0 73' Daniele Rugani
25%
Nessun quiz corrispondente trovato
Distribuzione punteggi
Percentuale di utenti per punteggio
Percentile per numero di risposta
I tuoi punteggi nel tempo
Non hai fatto questo quiz